000 00280nam a22001217a 4500
008 180227b xxu||||| |||| 00| 0 eng d
041 _aeng
080 _a94
100 _a16
101 _aHIS
245 _aTHE STANDARD BUILDING OF OUR NATION
_cWALTER.P.W
942 _2udc
_cBK
999 _c43604
_d43604